| 000 | 00574nam a2200241 a 4500 | ||
|---|---|---|---|
| 001 | nice12345678 | ||
| 003 | IN_TiNIC | ||
| 005 | 20260116014352.0 | ||
| 008 | 110106s2011 newa grp 000 0 eng | ||
| 020 |
_a9789380937311 _c795 |
||
| 082 | 0 | 0 |
_a158.3 _bSHA |
| 100 | _aSharma, M K | ||
| 245 | _aCounseling Modalities | ||
| 260 |
_aNew Delhi _bAlfa Publications _c2011 |
||
| 300 | _a280p | ||
| 500 | _aincludes index and biblioraphy | ||
| 505 | 2 | _aIndex | |
| 650 | _aCounselling | ||
| 700 | 1 | _aSharma, M K | |
| 902 | _bSRS | ||
| 942 | _cBK | ||
| 999 |
_c15015 _d15015 |
||